Loading...
| Fine Arts - Classical Music | 1 | 0.00 | 0% | 0% | 0% |
| Fine Arts - Other | 3 | 13.33 | 2,133% | 267% | 567% |
| History - American | 3 | 10.00 | 0% | 567% | 300% |
| History - European | 2 | 10.00 | 0% | 0% | 850% |
| History - Other | 7 | 10.00 | 1,657% | 229% | 243% |
| History - World | 1 | 10.00 | 0% | 800% | 0% |
| Literature - American | 2 | 5.00 | 4,050% | 0% | 0% |
| Literature - British | 1 | 10.00 | 0% | 900% | 0% |
| Literature - European | 2 | 10.00 | 3,200% | 0% | 450% |
| Literature - World | 3 | 6.67 | 0% | 267% | 267% |
| Mythology | 3 | 6.67 | 0% | 200% | 267% |
| Other | 3 | 10.00 | 2,700% | 400% | 0% |
| Philosophy | 1 | 20.00 | 0% | 400% | 400% |
| Religion | 2 | 0.00 | 0% | 0% | 0% |
| Science - Biology | 2 | 10.00 | 800% | 0% | 400% |
| Science - Other | 1 | 10.00 | 0% | 400% | 0% |
| Science - Physics | 2 | 15.00 | 0% | 450% | 850% |